Manual clinical methods / (Record no. 128296)

MARC details
000 -LEADER
fixed length control field 00724nam a22002537a 4500
005 - DATE AND TIME OF LATEST TRANSACTION
control field 20170124110037.0
010 ## - LIBRARY OF CONGRESS CONTROL NUMBER
LC control number A-792716
020 ## - INTERNATIONAL STANDARD BOOK NUMBER
Terms of availability 00.00
International Standard Book Number 8120401611
035 ## - SYSTEM CONTROL NUMBER
System control number A-792716
037 ## - SOURCE OF ACQUISITION
Source of stock number/acquisition Cen Lib/Ret
040 ## - CATALOGING SOURCE
Original cataloging agency DPL
Language of cataloging EN
082 ## - DEWEY DECIMAL CLASSIFICATION NUMBER
Classification number 616.07
Item number SHA
100 ## - MAIN ENTRY--PERSONAL NAME
Personal name Shankar, P.S.
9 (RLIN) 22959
245 ## - TITLE STATEMENT
Title Manual clinical methods /
Statement of responsibility, etc by P.S.Shankar
250 ## - EDITION STATEMENT
Edition statement 2nd ed
260 ## - PUBLICATION, DISTRIBUTION, ETC. (IMPRINT)
Place of publication, distribution, etc New Delhi
Name of publisher, distributor, etc Oxford & IBH publishing co.
Date of publication, distribution, etc 1976
270 ## - ADDRESS
Address 66,Janpath
City New Delhi
Postal code 110001
300 ## - PHYSICAL DESCRIPTION
Extent 264p. :
Dimensions 20cm(Hb)
Other physical details ill.
500 ## - GENERAL NOTE
General note Includes index
650 ## - SUBJECT ADDED ENTRY--TOPICAL TERM
Topical term or geographic name as entry element Atomic absorption spectroscopy
9 (RLIN) 22960
650 ## - SUBJECT ADDED ENTRY--TOPICAL TERM
Topical term or geographic name as entry element Clinical Medicine
9 (RLIN) 22961
700 ## - ADDED ENTRY--PERSONAL NAME
9 (RLIN) 22863
942 ## - ADDED ENTRY ELEMENTS (KOHA)
Source of classification or shelving scheme Dewey Decimal Classification
Koha item type English Books
Classification part 616.07
Call number suffix SHA
Holdings
Withdrawn status Lost status Damaged status Not for loan Home library Current library Date acquired Source of acquisition Cost, normal purchase price Total Checkouts Full call number Barcode Date last seen Copy number Cost, replacement price Price effective from Koha item type
        Central Library Central Library 02/07/2015 Cen Lib/Ret 0.00   616.07 SHA A-792716 02/07/2015 1 0.00 02/07/2015 English Books

© Delhi Public Library
Hit Counter
free hit counter